Nghiên cứu tác dụng của probiotic lên đáp ứng miễn dịch phòng bệnh Newcastle và khả năng tăng trưởng của gà : Báo cáo tổng kết đề tài nghiên cứu khoa học của sinh viên
Đánh giá tác dụng của probiotic lên khả năng đáp ứng miễn dịch phòng bệnh Newcastle và khả năng tăng trọng của gà
Đã lưu trong:
| 主要作者: | |
|---|---|
| 格式: | 圖書 |
| 語言: | Undetermined |
| 出版: |
Cần Thơ
Trường Đại học Cần Thơ
2017
|
| 主題: | |
| 標簽: |
添加標簽
沒有標簽, 成為第一個標記此記錄!
|
| Thư viện lưu trữ: | Trung tâm Học liệu Trường Đại học Cần Thơ |
|---|
| LEADER | 01087nam a2200229Ia 4500 | ||
|---|---|---|---|
| 001 | CTU_230404 | ||
| 008 | 210402s9999 xx 000 0 und d | ||
| 082 | |a 636.5089 | ||
| 082 | |b Nh124 | ||
| 088 | |a TSV2017-73 | ||
| 100 | |a Nguyễn, Minh Nhật | ||
| 245 | 0 | |a Nghiên cứu tác dụng của probiotic lên đáp ứng miễn dịch phòng bệnh Newcastle và khả năng tăng trưởng của gà : | |
| 245 | 0 | |b Báo cáo tổng kết đề tài nghiên cứu khoa học của sinh viên | |
| 245 | 0 | |c Nguyễn Minh Nhật (Chủ nhiệm đề tài) ; Huỳnh Ngọc Trang (Cán bộ hướng dẫn) | |
| 260 | |a Cần Thơ | ||
| 260 | |b Trường Đại học Cần Thơ | ||
| 260 | |c 2017 | ||
| 520 | |a Đánh giá tác dụng của probiotic lên khả năng đáp ứng miễn dịch phòng bệnh Newcastle và khả năng tăng trọng của gà | ||
| 650 | |a Chickens,Gà | ||
| 650 | |x Diseases,Bệnh | ||
| 910 | |b nthai | ||
| 980 | |a Trung tâm Học liệu Trường Đại học Cần Thơ | ||